Представление документа в формате MARC21

Поле Инд. ПП Название Значение
Тип записи a
Библиографический уровень m
001 Контрольный номер 5ddea899f1dd40d585700b304dfb9de2
005 Дата корректировки 20201102084931.3
020 a ISBN 978-5-8295-0294-2
040 a Служба первич. каталог. НБ ТвГУ
b Код языка каталог. rus
e Правила каталог. PSBO
041 0_ a Код языка текста rus
080 a Индекс УДК 321
084 a Индекс другой классификации/Индекс ББК Х400.532.2
084 a Индекс другой классификации/Индекс ББК У3(0),12
090 a Полочн. индекс Х400.5
x Авторский знак Э 91
097 b Оператор mimoza3
245 10 a Заглавие Этничность. Культура. Государственность. Проблемы этнического федерализма в XXI веке
c Ответственность под редакцией М. С. Саликова
b Продолж. заглавия монография
246 10 a Другая форма заглавия Проблемы этнического федерализма в XXI веке
260 c Дата издания 2014
a Место издания Екатеринбург
b Издательство УМЦ УПИ
300 a Объем 183 с.
504 a Библиография Библиогр. в подстроч. примеч.
520 0_ a Аннотация В монографии рассматриваются современные проблемы этнического федерализма. Дается оценка этническому (национальному) и языковому факторам в федеративном устройстве государства, рассматриваются основные подходы к пониманию роли этничности в формировании государственности и ее отражению в федеративной структуре. Проблема сепаратизма рассматривается как проблема различий в политической и правовой культуре, сформулирован вывод о необходимости формирования в полиэтническом государстве общей политико-правовой культуры, которая не должна противопоставляться национальным культурам, но должна приниматься представителями всех сегментов общества. На примерах различных стран проиллюстрировано, каким образом при помощи конституционно-правовых инструментов формируется такая "культура федерализма". Книга предназначена для студентов, аспирантов, научных и практических работников - специалистов в области юриспруденции и общественных наук
653 0_ a Ключевые слова Пра­во
a Ключевые слова Кон­сти­ту­ци­он­ное пра­во
a Ключевые слова Го­судар­ствен­ное устрой­ство
a Ключевые слова Фе­де­ра­лизм
a Ключевые слова Американский федерализм
a Ключевые слова Национальный федерализм
a Ключевые слова Федерализм в Нигерии
a Ключевые слова Федерализм в Швейцарии
a Ключевые слова Федерализм в Бельгии
a Ключевые слова Федерализм в Индии
a Ключевые слова Федерализм и этничность
a Ключевые слова Полиэтническое государство
a Ключевые слова Фе­де­ра­тив­ное устройство государства
a Ключевые слова Эт­ни­че­ский фе­де­ра­лизм
a Ключевые слова Россия
a Ключевые слова Российский федерализм
a Ключевые слова 21 в.
700 12 a Другие авторы Саликов М. С.
q Полное имя Саликов Марат Сабирьянович
700 12 a Другие авторы Гончаров Максим Владимирович
700 12 a Другие авторы Кузнецова Светлана Сергеевна
700 12 a Другие авторы Мочалов Артур Николаевич
901 t Тип документа m
920 a Оператор Поля
a Оператор Стро
a Оператор Семен
a Оператор Суха
930 a Новая/Ретро новая
952 c Вид литературы К рн
954 b Дата поступления в ОК 20160229
a Дата поступления на обработку 20160310
c Дата окончания ОНО 20160411